Statistics for Country Capitals Quiz #3

Click here to take the quiz!

General Stats

  • This quiz has been taken 451 times
    (442 since last reset)
  • The average score is 13 of 15

Answer Stats

HintAnswer% Correct
PolandWarsaw
96%
AustriaVienna
95%
UkraineKiev
94%
FinlandHelsinki
93%
ChileSantiago
93%
New ZealandWellington
93%
IraqBaghdad
91%
IndonesiaJakarta
91%
IranTehran
91%
AfghanistanKabul
90%
VenezuelaCaracas
89%
EcuadorQuito
86%
BelarusMinsk
85%
Papua New GuineaPort Moresby
69%
TogoLome
59%

Score Distribution

Percentile by Number Answered

Percent of People with Each Score

Your Score History

You have not taken this quiz since the last reset